LIBRARY ONLINE CATALOGUE

Assessment of the influence of entrepreneurship training on succession planning in family-owned small and medium enterprises (Record no. 18760)

MARC details
000 -LEADER
fixed length control field 00547nam a22001217a 4500
008 - FIXED-LENGTH DATA ELEMENTS--GENERAL INFORMATION
fixed length control field 210209b xxu||||| |||| 00| 0 eng d
050 ## - LIBRARY OF CONGRESS CALL NUMBER
Classification number GMB1269
Item number .K56 2015 c.1
100 ## - MAIN ENTRY--PERSONAL NAME
Personal name Kimani, Eunice Muthoni
245 ## - TITLE STATEMENT
Title Assessment of the influence of entrepreneurship training on succession planning in family-owned small and medium enterprises
Remainder of title a case of entrepreneurship training program offered by Strathmore University
Statement of responsibility, etc. Eunice Muthoni Kimani
260 ## - PUBLICATION, DISTRIBUTION, ETC. (IMPRINT)
Place of publication, distribution, etc. Kabarak, Nakuru, Kenya
Name of publisher, distributor, etc. Kabara University
Date of publication, distribution, etc. 2015
300 ## - PHYSICAL DESCRIPTION
Extent 73 leaves
942 ## - ADDED ENTRY ELEMENTS (KOHA)
Source of classification or shelving scheme Library of Congress Classification
Koha item type Thesis, Dissertation and Projecs
Holdings
Withdrawn status Lost status Source of classification or shelving scheme Not for loan Home library Current library Date acquired Total Checkouts Full call number Barcode Date last seen Price effective from Koha item type
    Library of Congress Classification   Kabarak, Main Campus Kabarak, Main Campus 09/02/2021   GMB1269 .K56 2015 c.1 026344 09/02/2021 09/02/2021 Thesis, Dissertation and Projecs
    Library of Congress Classification   Kabarak, Main Campus Kabarak, Main Campus 09/02/2021   GMB1269 .K56 2015 c.2 026309 09/02/2021 09/02/2021 Thesis, Dissertation and Projecs